000 00337nam a2200133Ia 4500
008 151001s9999||||xx |||||||||||||| ||und||
100 _aसरोजिनी शारंगपाणी
245 _aपंकजा
250 _a1
260 _bसरोज प्रकाशन
260 _c1977
300 _a94
365 _b18
999 _c959662
_d959659